[Event "34th Leon Blitz Open 2021"]
[Site "chess.com INT"]
[Date "2021.07.07"]
[Round "13"]
[White "Matveev, Vladimir3"]
[Black "Nguyen, Ngoc Truong Son"]
[Result "1/2-1/2"]
[WhiteTitle "FM"]
[BlackTitle "GM"]
[WhiteElo "2344"]
[BlackElo "2641"]
[WhiteFideId "24130753"]
[BlackFideId "12401110"]
[EventDate "2021.07.07"]

1. d4 Nf6 2. c4 c5 3. d5 e6 4. Nc3 exd5 5. cxd5 d6 6. Nf3 g6 7. Nd2 Bg7 8. Nc4
O-O 9. Bf4 Ne8 10. Qd2 f5 11. h4 a6 12. a4 Qf6 13. Nb6 Nc7 14. Nxa8 Nxa8 15. e3
Nd7 16. Be2 Ne5 17. Bg5 Qf7 18. h5 Nc7 19. hxg6 hxg6 20. Bh6 Bd7 21. f4 Ng4 22.
Bxg4 fxg4 23. Bxg7 Qxg7 24. e4 Re8 25. g3 Bf5 26. O-O-O Bxe4 27. Rhe1 Bf5 28.
Rxe8+ Nxe8 29. Re1 Nf6 30. Qe3 Kf8 31. Rh1 Kg8 32. Re1 Kf8 33. b3 Qd7 34. Kb2
Kf7 35. Rh1 b5 36. Qe2 b4 37. Nd1 Be4 38. Rh8 Kg7 39. Qh2 Nh5 40. Rxh5 gxh5 41.
Qxh5 Qf5 42. Qxf5 Bxf5 43. Ne3 Kf6 44. Kc1 Bd7 45. Nc4 Ke7 46. Kd2 Bc8 47. Ne3
Kf6 48. Kd3 Bf5+ 49. Kd2 Bd7 50. Nc4 Ke7 51. Ne3 Kf6 52. Kd3 Bf5+ 53. Ke2 Bd7
54. Nc4 Ke7 55. Ke3 Bf5 56. Kd2 Be4 57. Ne3 Bf3 58. Kd3 Kf6 59. Kc2 Ke7 60. Nf5+
Kd7 61. Ne3 Kc7 62. Kd3 Kd7 63. Kd2 Ke7 64. Kd3 Kd7 65. Kd2 Kc7 66. Kd3 Kb6 67.
Nc4+ Kc7 68. Ne3 1/2-1/2

[Event "34th Leon Blitz Open 2021"]
[Site "chess.com INT"]
[Date "2021.07.07"]
[Round "13"]
[White "Ibrahimli, Murad"]
[Black "Khanin, Semen"]
[Result "1-0"]
[WhiteTitle "IM"]
[BlackTitle "IM"]
[WhiteElo "2436"]
[BlackElo "2517"]
[WhiteFideId "13410229"]
[BlackFideId "4111990"]
[EventDate "2021.07.07"]

1. e4 e5 2. Nf3 Nc6 3. Bb5 a6 4. Ba4 b5 5. Bb3 g6 6. a4 b4 7. d3 Bg7 8. a5 d6 9.
Nbd2 Nf6 10. h3 O-O 11. Nc4 Rb8 12. Bg5 h5 13. Ne3 Ne7 14. Qd2 Nh7 15. Bxe7 Qxe7
16. Nd5 Qd7 17. Nxb4 c6 18. Na2 d5 19. Nc3 Bb7 20. Na4 Qd6 21. Qe3 Nf6 22. O-O
Nd7 23. Rfe1 Ba8 24. Nb6 Nc5 25. exd5 Nxb3 26. cxb3 cxd5 27. d4 e4 28. Ne5 Bxe5
29. dxe5 Qxe5 30. Nd7 Qxb2 31. Nxb8 Rxb8 32. Qa7 Qe5 33. Rad1 Rd8 34. Rd4 Qf6
35. Qc7 Re8 36. Rb4 d4 37. Rb8 Qe6 38. Rxe8+ Qxe8 39. Qd6 e3 40. Qxd4 exf2+ 41.
Qxf2 Qc6 42. Rf1 Qd5 43. b4 Bc6 44. Re1 Kh7 45. Re3 Qd1+ 46. Kh2 Qd6+ 47. Kh1
Qd1+ 48. Re1 Qb3 49. Kg1 Bd5 50. Qd4 Qa2 51. Qf2 Qb3 52. Re5 Qd3 53. Qe3 Qd1+
54. Kh2 Bc4 55. Qf4 Qd3 56. Re3 Qd5 57. Re7 Bb3 58. Re5 Qd7 59. Rc5 Be6 60. Rc7
Qd5 61. Ra7 Qd3 62. Rc7 Bd5 63. Rxf7+ Bxf7 64. Qxf7+ Kh6 65. Qf4+ Kh7 66. Qc7+
Kh6 67. Qb8 h4 68. b5 g5 69. bxa6 g4 70. Qh8+ Kg5 71. Qg7+ Kh5 72. Qxg4+ Kh6 73.
Qxh4+ Kg6 74. Qg3+ 1-0

[Event "34th Leon Blitz Open 2021"]
[Site "chess.com INT"]
[Date "2021.07.07"]
[Round "13"]
[White "Sviridova, Vlada"]
[Black "Szente Varga, Fruzsina"]
[Result "1/2-1/2"]
[WhiteTitle "WFM"]
[BlackTitle "WFM"]
[WhiteElo "2144"]
[BlackElo "2100"]
[WhiteFideId "24109606"]
[BlackFideId "712264"]
[EventDate "2021.07.07"]

1. d4 Nf6 2. c4 g6 3. Nc3 Bg7 4. e4 d6 5. Nf3 O-O 6. Be2 e5 7. O-O Nc6 8. d5 Ne7
9. Ne1 Ne8 10. Be3 f5 11. f3 f4 12. Bf2 g5 13. Nd3 h5 14. c5 Rf6 15. Rc1 Rg6 16.
Kh1 g4 17. g3 h4 18. fxg4 hxg3 19. hxg3 fxg3 20. Bxg3 Nf6 21. Nf2 Rh6+ 22. Kg2
Nh7 23. Rh1 Rxh1 24. Qxh1 Ng6 25. Qh5 Qf6 26. Rh1 Ng5 27. Nd3 Nf4+ 28. Bxf4 exf4
29. Rf1 f3+ 30. Bxf3 dxc5 31. Be2 Qe7 32. Qg6 Bd7 33. e5 Be8 34. Qf5 c4 35. d6
cxd6 36. Nf4 dxe5 37. Bxc4+ Bf7 38. Bxf7+ Nxf7 39. Nfd5 Qe8 40. Nc7 Qc6+ 41.
N3d5 Rf8 42. Rh1 Nh6 43. Qe6+ Qxe6 44. Nxe6 Re8 45. Ndc7 Re7 46. Kg3 e4 47. Rd1
Be5+ 48. Kh4 Bxc7 49. Nxc7 Rxc7 50. Kg5 Nf7+ 51. Kf6 e3 52. Re1 Rc6+ 53. Kf5
Rc5+ 54. Kf6 Re5 55. g5 Re4 56. g6 Nd6 57. Rd1 e2 58. Re1 Re8 59. g7 Ne4+ 60.
Kg6 Nf2 61. Kf6 Ne4+ 62. Kg6 Re6+ 63. Kf5 Nc5 64. b4 Re7 65. bxc5 Kxg7 66. Kf4
Kf6 67. Kf3 Re5 68. Rxe2 Rxe2 69. Kxe2 Ke5 70. Kd3 Kd5 71. Kc3 Kxc5 72. Kb3 b5
73. Kc3 a5 74. a3 a4 75. Kb2 Kc4 76. Kc2 Kd4 77. Kd2 b4 78. axb4 a3 79. Kc2 a2
80. Kb2 a1=N 81. Kxa1 Kc4 82. Kb2 Kxb4 1/2-1/2

[Event "34th Leon Blitz Open 2021"]
[Site "chess.com INT"]
[Date "2021.07.07"]
[Round "14"]
[White "Onischuk, Vladimir"]
[Black "Bluebaum, Matthias"]
[Result "1/2-1/2"]
[WhiteTitle "GM"]
[BlackTitle "GM"]
[WhiteElo "2622"]
[BlackElo "2669"]
[WhiteFideId "14114038"]
[BlackFideId "24651516"]
[EventDate "2021.07.07"]

1. Nf3 d5 2. g3 Bg4 3. Bg2 e6 4. O-O Nf6 5. d3 Be7 6. Nbd2 c5 7. e4 Nc6 8. h3
Bh5 9. Re1 O-O 10. exd5 exd5 11. g4 Bg6 12. Nh4 1/2-1/2

[Event "34th Leon Blitz Open 2021"]
[Site "chess.com INT"]
[Date "2021.07.07"]
[Round "14"]
[White "Lopez Idarraga, Daniel Eduardo"]
[Black "Iskusnyh, Sergei"]
[Result "0-1"]
[WhiteTitle "FM"]
[BlackTitle "GM"]
[WhiteElo "2009"]
[BlackElo "2473"]
[WhiteFideId "4405501"]
[BlackFideId "4120027"]
[EventDate "2021.07.07"]

1. d4 d5 2. Bf4 Nf6 3. e3 c5 4. Nd2 Nc6 5. c3 cxd4 6. exd4 Bf5 7. Ngf3 e6 8. Bb5
Bd6 9. Ne5 Bxe5 10. dxe5 Nd7 11. Nf3 Qb6 12. Qb3 Nc5 13. Bxc6+ Qxc6 14. Qd1 Nd3+ 0-1

[Event "34th Leon Blitz Open 2021"]
[Site "chess.com INT"]
[Date "2021.07.07"]
[Round "14"]
[White "Wiwatanadate, Poompong"]
[Black "Valle Maytin, Luis Enrique"]
[Result "1-0"]
[WhiteTitle "FM"]
[BlackTitle "FM"]
[WhiteElo "2043"]
[BlackElo "2284"]
[WhiteFideId "6201083"]
[BlackFideId "3503666"]
[EventDate "2021.07.07"]

1. d4 Nf6 2. c4 g6 3. Nc3 Bg7 4. e4 d6 5. Be2 O-O 6. Nf3 e5 7. O-O a5 8. dxe5
dxe5 9. h3 Qxd1 10. Rxd1 Re8 11. Be3 c6 12. Rd6 Nbd7 13. Rad1 Bf8 14. R6d2 Nb6
15. Bxb6 1-0

[Event "34th Leon Blitz Open 2021"]
[Site "chess.com INT"]
[Date "2021.07.07"]
[Round "14"]
[White "Nguyen, Ngoc Truong Son"]
[Black "Dang, Hoang Son"]
[Result "1-0"]
[WhiteTitle "GM"]
[BlackTitle "FM"]
[WhiteElo "2641"]
[BlackElo "2363"]
[WhiteFideId "12401110"]
[BlackFideId "12402435"]
[EventDate "2021.07.07"]

1. e4 g6 2. d4 Bg7 3. Nc3 a6 4. f4 d5 5. Nf3 dxe4 6. Nxe4 Nf6 7. Bd3 O-O 8. Qe2
Bg4 9. c3 Nbd7 10. Be3 Nd5 11. h3 Bxf3 12. Qxf3 Nxe3 13. Qxe3 Nf6 14. g4 Nxe4
15. Bxe4 Rb8 16. h4 b5 17. h5 b4 18. hxg6 bxc3 19. bxc3 c5 20. Rxh7 fxg6 21.
Bxg6 Qd6 22. f5 cxd4 23. Qh3 dxc3 24. Rh8+ Bxh8 25. Qh7# 1-0

[Event "34th Leon Blitz Open 2021"]
[Site "chess.com INT"]
[Date "2021.07.07"]
[Round "14"]
[White "Gimenez Aguirre, Alejo Ismael"]
[Black "Harshavardhan, G B"]
[Result "1-0"]
[WhiteTitle "IM"]
[BlackTitle "IM"]
[WhiteElo "2265"]
[BlackElo "2397"]
[WhiteFideId "32041667"]
[BlackFideId "25059009"]
[EventDate "2021.07.07"]

1. e4 e5 2. Nf3 Nc6 3. Bb5 a6 4. Ba4 d6 5. O-O Bg4 6. h3 h5 7. d3 b5 8. Bb3 Nd4
9. Nbd2 Qf6 10. c3 Ne6 11. Bxe6 fxe6 12. a4 b4 13. Nc4 Ne7 14. Ne3 Bxf3 15. Qxf3
Qxf3 16. gxf3 bxc3 17. bxc3 Ng6 18. Ng2 Be7 19. f4 exf4 20. Nxf4 Nxf4 21. Bxf4
g5 22. Be3 g4 23. hxg4 hxg4 24. Kg2 Kd7 25. Rh1 e5 26. d4 Ke6 27. d5+ Kf7 28. c4
Kg6 29. Kg3 Rxh1 30. Rxh1 Rb8 31. Rh6+ Kg7 32. Re6 Kf7 33. Kxg4 Rb4 34. Rh6 Kg7
35. Kf5 Rxc4 36. Rg6+ Kf7 37. Bh6 Rxa4 38. Rg7+ Ke8 39. Ke6 Rxe4 40. Rg8+ 1-0

[Event "34th Leon Blitz Open 2021"]
[Site "chess.com INT"]
[Date "2021.07.07"]
[Round "14"]
[White "Navarro Segura, Roberto"]
[Black "Sviridova, Vlada"]
[Result "0-1"]
[WhiteTitle "IM"]
[BlackTitle "WFM"]
[WhiteElo "2123"]
[BlackElo "2144"]
[WhiteFideId "5100364"]
[BlackFideId "24109606"]
[EventDate "2021.07.07"]

1. e4 e6 2. d4 d5 3. Nc3 Bb4 4. e5 c5 5. a3 Bxc3+ 6. bxc3 Ne7 7. Qg4 O-O 8. Nf3
Nbc6 9. Bd3 f5 10. exf6 Rxf6 11. Bg5 Rf7 12. Qh5 g6 13. Qh4 Qa5 14. Bd2 c4 15.
Be2 Nf5 16. Qg5 Qa4 17. Bd1 Bd7 18. h4 e5 19. dxe5 Re8 20. Kf1 Nxe5 21. Nxe5
Rxe5 22. Qd8+ Re8 23. Qg5 d4 24. h5 Qa6 25. g4 Ng3+ 26. Kg2 Nxh1 27. hxg6 Rxf2+
28. Kxh1 Qc6+ 0-1

[Event "34th Leon Blitz Open 2021"]
[Site "chess.com INT"]
[Date "2021.07.07"]
[Round "14"]
[White "Gallegos Diaz, Carlos Alberto"]
[Black "Pham, Le Thao Nguyen"]
[Result "0-1"]
[WhiteTitle "IM"]
[BlackTitle "IM"]
[WhiteElo "2374"]
[BlackElo "2369"]
[WhiteFideId "3900886"]
[BlackFideId "12401226"]
[EventDate "2021.07.07"]

1. e4 c5 2. Nf3 e6 3. d4 cxd4 4. Nxd4 a6 5. Bd3 Nc6 6. Nxc6 dxc6 7. O-O e5 8.
Be3 Nf6 9. f3 Be6 10. a4 b5 11. Nd2 Be7 12. axb5 axb5 13. Rxa8 Qxa8 14. Qa1 O-O
15. Nb3 Nd7 16. Rd1 Bxb3 17. cxb3 Bc5 18. Qc1 Qa7 19. Bxc5 Qxc5+ 20. Qxc5 Nxc5
21. Bc2 Ne6 22. b4 Nd4 23. Rd2 f6 24. Kf2 Kf7 25. Bd1 Ra8 26. Ke3 Ke6 27. f4 Ra1
28. g3 Kd6 29. Bb3 Re1+ 30. Kf2 Rh1 31. Kg2 Rc1 32. Bg8 h6 33. fxe5+ Kxe5 34.
Bh7 Rc2 0-1

[Event "34th Leon Blitz Open 2021"]
[Site "chess.com INT"]
[Date "2021.07.07"]
[Round "14"]
[White "Sarkar, Justin"]
[Black "Primbetov, Kazbek"]
[Result "1-0"]
[WhiteTitle "IM"]
[BlackTitle "FM"]
[WhiteElo "2338"]
[BlackElo "2207"]
[WhiteFideId "2010011"]
[BlackFideId "13702297"]
[EventDate "2021.07.07"]

1. e4 c5 2. Nf3 a6 3. c4 Nc6 4. d4 cxd4 5. Nxd4 g6 6. Nc3 Bg7 7. Be3 Nf6 8. Be2
O-O 9. O-O d6 10. f3 Bd7 11. Nc2 h5 12. Rc1 h4 13. Qd2 Rc8 14. b3 Ne5 15. h3 Nh5
16. f4 Nc6 17. Bxh5 gxh5 18. Nd5 b5 19. cxb5 axb5 20. Bb6 Qe8 21. Nc7 Qd8 22.
Nd5 Qe8 23. f5 e6 24. f6 Ne5 25. fxg7 Kxg7 26. Qg5+ Ng6 27. Bd4+ e5 28. Be3 Rh8
29. Nf6 Qe6 30. Nxd7 Qxd7 31. Qf6+ Kg8 32. Nb4 Rxc1 33. Rxc1 Nf4 34. Bxf4 exf4
35. Nd5 Qe6 36. Rc8+ 1-0

[Event "34th Leon Blitz Open 2021"]
[Site "chess.com INT"]
[Date "2021.07.07"]
[Round "14"]
[White "Maltsevskaya, Aleksandra"]
[Black "Kamsky, Gata"]
[Result "0-1"]
[WhiteTitle "WGM"]
[BlackTitle "GM"]
[WhiteElo "2382"]
[BlackElo "2658"]
[WhiteFideId "24174041"]
[BlackFideId "2000024"]
[EventDate "2021.07.07"]

1. e4 e5 2. Nf3 Nc6 3. Bb5 Nf6 4. d3 d6 5. O-O Bd7 6. c3 g6 7. a4 Bg7 8. a5 a6
9. Bc4 O-O 10. Qb3 Rb8 11. Re1 Qe8 12. Nbd2 Kh8 13. Nf1 Ng4 14. h3 Nh6 15. Ne3
f5 16. Nd5 Qc8 17. Ng5 f4 18. Kh2 Qd8 19. Nf3 g5 20. g4 fxg3+ 21. Kxg3 g4 22.
hxg4 Rxf3+ 23. Kxf3 Qh4 24. Ke2 Bxg4+ 25. f3 Qh2+ 26. Ke3 Rf8 27. Rf1 Bxf3 28.
d4 Ng4+ 29. Kd3 Qe2# 0-1

[Event "34th Leon Blitz Open 2021"]
[Site "chess.com INT"]
[Date "2021.07.07"]
[Round "14"]
[White "Krishnakumar, Sriram"]
[Black "Mikhnenko, Alexander"]
[Result "0-1"]
[WhiteTitle "CM"]
[BlackTitle "CM"]
[WhiteElo "2035"]
[BlackElo "2065"]
[WhiteFideId "30915856"]
[BlackFideId "34143014"]
[EventDate "2021.07.07"]

1. e4 c5 2. Nf3 e6 3. d4 cxd4 4. Nxd4 Qb6 5. Nc3 Bc5 6. Na4 Qa5+ 7. c3 Bxd4 8.
Qxd4 e5 9. Qd1 Nf6 10. f3 O-O 11. b4 Qc7 12. Qd3 a6 13. Bg5 Qc6 14. Nc5 d6 15.
Nb3 Be6 16. Bxf6 gxf6 17. Be2 Nd7 18. O-O Rac8 19. Na5 Qxc3 20. Qxc3 Rxc3 21.
Nxb7 Nb6 22. Nxd6 Rd8 23. Nb7 Rd2 24. Rf2 Rcc2 25. Re1 Bc4 26. Bxc4 Rxf2 27.
Bxa6 Rxg2+ 28. Kh1 Rxh2+ 29. Kg1 Rcg2+ 30. Kf1 Na4 31. Nc5 Nc3 32. Bc4 Rb2 33.
Kg1 Rbg2+ 34. Kf1 h5 35. Rc1 h4 36. Rxc3 h3 37. Ke1 Rh1+ 38. Bf1 Rgg1 39. b5
Rxf1+ 40. Ke2 Re1+ 41. Kf2 Rb1 42. Rb3 Rbc1 43. Nd3 Rc2+ 44. Kg3 Rg2+ 45. Kh4 h2
46. Kh3 Rhg1 47. Nf2 Rxf2 48. Kh4 h1=Q# 0-1

[Event "34th Leon Blitz Open 2021"]
[Site "chess.com INT"]
[Date "2021.07.07"]
[Round "14"]
[White "Bures, Vit"]
[Black "Baskin, Robert"]
[Result "0-1"]
[WhiteTitle "CM"]
[BlackTitle "IM"]
[WhiteElo "2144"]
[BlackElo "2390"]
[WhiteFideId "309052"]
[BlackFideId "24662402"]
[EventDate "2021.07.07"]

1. d4 f5 2. Nc3 Nf6 3. Bg5 d5 4. f3 c5 5. e4 Nc6 6. Bb5 fxe4 7. fxe4 Nxe4 8.
Nxe4 dxe4 9. Bxc6+ bxc6 10. dxc5 Qd5 11. Be3 Ba6 12. Ne2 g6 13. Nf4 Qxd1+ 14.
Rxd1 Bg7 15. c3 Rb8 16. Rd2 O-O 17. Ne6 Rf5 18. Nxg7 Kxg7 19. b4 e5 20. Rd7+ Kg8
21. Rxa7 Bd3 22. a4 Rd8 23. Rc7 Bc2 24. a5 Rd1+ 25. Ke2 Rxh1 26. a6 Rff1 27. Bf2
Bd3+ 28. Ke3 Bxa6 29. Rxc6 Bd3 30. Rd6 Rc1 31. Rxd3 exd3 32. Kxd3 Rhd1+ 33. Kc4
Rc2 34. Bg3 Kf7 35. Bxe5 Ke6 36. Bd4 Rxd4+ 37. Kxd4 Rxg2 38. b5 Rxh2 39. b6 Kd7
40. c4 h5 0-1

[Event "34th Leon Blitz Open 2021"]
[Site "chess.com INT"]
[Date "2021.07.07"]
[Round "14"]
[White "Yilmaz, Mustafa"]
[Black "Holt, Conrad"]
[Result "1-0"]
[WhiteTitle "GM"]
[BlackTitle "GM"]
[WhiteElo "2630"]
[BlackElo "2549"]
[WhiteFideId "6302718"]
[BlackFideId "2034387"]
[EventDate "2021.07.07"]

1. d4 d5 2. c4 c6 3. cxd5 cxd5 4. Bf4 Nc6 5. e3 Nf6 6. Nc3 Bf5 7. Nf3 e6 8. Qb3
Bb4 9. Ne5 Bxc3+ 10. Qxc3 O-O 11. Nxc6 bxc6 12. Be2 Ne4 13. Qa3 g5 14. Bg3 Rc8
15. Rc1 Qb6 16. Ba6 Nxg3 17. hxg3 Rb8 18. b3 Rfe8 19. O-O e5 20. dxe5 Rxe5 21.
Rc5 Re6 22. Rfc1 Rh6 23. Be2 Re8 24. Qb2 Bd7 25. Qc3 Qb8 26. Ra5 g4 27. Ra4 f5
28. Qd4 Qd6 29. Rxa7 Rh5 30. Qf4 Qe6 31. Bd3 Re7 32. Ra8+ Kg7 33. Qd4+ Kh6 34.
Rf8 Kg6 35. Qxg4+ Rg5 36. Qd4 1-0

[Event "34th Leon Blitz Open 2021"]
[Site "chess.com INT"]
[Date "2021.07.07"]
[Round "14"]
[White "Filip, Lucian-Ioan"]
[Black "Jimenez Martinez, Jose Vicente"]
[Result "1-0"]
[WhiteTitle "IM"]
[BlackTitle "FM"]
[WhiteElo "2431"]
[BlackElo "2271"]
[WhiteFideId "1208900"]
[BlackFideId "2264021"]
[EventDate "2021.07.07"]

1. Nf3 d6 2. d4 g6 3. c4 Bg7 4. Nc3 Nf6 5. e4 O-O 6. Be2 Bg4 7. Be3 Nfd7 8. Rc1
e5 9. d5 Bxf3 10. Bxf3 f5 11. h4 a5 12. h5 f4 13. Bd2 g5 14. Bg4 Nc5 15. Qc2
Nba6 16. a3 a4 17. Nxa4 Nxa4 18. Qxa4 Nc5 19. Qc2 c6 20. b4 Nd7 21. Qd3 h6 22.
dxc6 bxc6 23. Qxd6 Nb6 24. Qxd8 Rfxd8 25. Rc3 Na4 26. Rc2 Kf7 27. Ke2 Rd4 28.
Bf5 Nb6 29. c5 Nc4 30. Ra1 Bf8 31. Bc3 Rdd8 32. a4 Kf6 33. a5 Ra7 34. a6 Be7 35.
Be1 Rd4 36. Bc3 Rd8 37. Rcc1 g4 38. Bxg4 Kf7 39. Ke1 f3 40. Bxf3 Bg5 41. Rd1
Rda8 42. Be2 Ne3 43. fxe3 Ke7 44. Bc4 Bh4+ 45. Ke2 Rf8 46. Rf1 Raa8 47. Rxf8
Rxf8 48. Rf1 Ra8 49. Rf7+ Ke8 50. Rh7 Be7 51. Bxe5 Bf8 52. Rh8 Ke7 53. Bd6+ Kd7
54. Rxf8 Rb8 55. Bxb8 Ke7 56. Rh8 Kd7 57. Rh7+ Kc8 58. Bd6 Kd8 59. a7 Ke8 60.
a8=Q# 1-0

[Event "34th Leon Blitz Open 2021"]
[Site "chess.com INT"]
[Date "2021.07.07"]
[Round "14"]
[White "Rosenberg, Evan S"]
[Black "Gabriel, Robert"]
[Result "0-1"]
[BlackTitle "FM"]
[WhiteElo "2125"]
[BlackElo "2236"]
[WhiteFideId "2019299"]
[BlackFideId "4606477"]
[EventDate "2021.07.07"]

1. Nf3 d5 2. c4 e6 3. d4 Nf6 4. g3 Bb4+ 5. Bd2 Be7 6. Bg2 O-O 7. O-O b6 8. Ne5
Bb7 9. Nc3 Qc8 10. Rc1 dxc4 11. Nxc4 Bxg2 12. Kxg2 Qb7+ 13. f3 Nbd7 14. e4 c5
15. e5 Nd5 16. Nxd5 Qxd5 17. dxc5 Nxc5 18. Be3 Rfd8 19. Qxd5 Rxd5 20. f4 Rad8
21. Bxc5 Bxc5 22. Rc2 h5 23. a3 g6 24. b4 Be7 25. Rf3 R8d7 26. Rfc3 Kg7 27. Ne3
Rd3 28. Kf3 a5 29. bxa5 bxa5 30. Rxd3 Rxd3 31. a4 Bb4 32. Ke4 Ra3 33. Rc7 Rxa4
34. Kf3 Ra3 35. Ke2 Ra2+ 36. Kd3 Rxh2 37. Nc4 Rh3 38. Nd6 Rxg3+ 39. Ke4 Rc3 40.
Rxf7+ Kg8 41. Ra7 h4 42. Ne8 h3 43. Nf6+ Kf8 44. Ra8+ Ke7 45. Rh8 a4 46. Rh7+
Kd8 47. Rd7+ Kc8 48. Ra7 a3 0-1

[Event "34th Leon Blitz Open 2021"]
[Site "chess.com INT"]
[Date "2021.07.07"]
[Round "14"]
[White "Demchenko, Anton"]
[Black "Sarana, Alexey"]
[Result "1/2-1/2"]
[WhiteTitle "GM"]
[BlackTitle "GM"]
[WhiteElo "2600"]
[BlackElo "2640"]
[WhiteFideId "4160258"]
[BlackFideId "24133795"]
[EventDate "2021.07.07"]

1. e4 c5 2. Nf3 d6 3. d4 cxd4 4. Nxd4 Nf6 5. Nc3 a6 6. Nb3 g6 7. Be3 Bg7 8. f3
Nbd7 9. Qd2 h5 10. Be2 Qc7 11. h3 b5 12. a4 b4 13. Na2 a5 14. c3 Nc5 15. Nd4
bxc3 16. Nxc3 O-O 17. Ndb5 Qc6 18. Ra3 Be6 19. O-O Nfd7 20. Nd5 Bxd5 21. exd5
Qb7 22. f4 Nf6 23. Bxc5 dxc5 24. Bf3 Rad8 25. Qxa5 Nxd5 26. Qd2 e6 27. f5 gxf5
28. Bxh5 Nf6 29. Qe2 Qe4 30. Bf3 Qxe2 31. Bxe2 Rd2 32. Re1 Rxb2 33. a5 Nd5 34.
a6 Ra8 35. a7 Bd4+ 36. Nxd4 cxd4 37. Bf3 Rb7 38. Bxd5 exd5 39. Rea1 Kg7 40. Kf2
Re7 41. Kf3 Kg6 42. h4 f6 43. g3 Re4 44. Ra5 Re3+ 45. Kf2 Re7 46. R1a3 Re5 47.
Ra6 Re7 48. Kf3 Re4 49. R6a5 Re5 50. Kf2 Kh5 51. Kf3 Kg6 52. Rd3 Re7 53. Rxd4
Raxa7 54. Rxa7 Rxa7 55. Rxd5 Ra3+ 56. Kg2 Ra4 57. Kf3 Ra3+ 58. Kf2 Ra4 59. Ke3
Ra3+ 60. Rd3 Rxd3+ 61. Kxd3 Kh5 62. Ke3 Kg4 63. Kf2 f4 64. gxf4 Kxh4 65. f5 Kg4
66. Ke3 Kg5 67. Ke2 Kxf5 68. Kf3 Ke5 69. Ke3 f5 70. Kf3 f4 71. Kf2 Ke4 72. Ke2
f3+ 73. Kf2 Kf4 74. Kf1 Kg3 75. Kg1 f2+ 76. Kf1 Kf3 1/2-1/2

[Event "34th Leon Blitz Open 2021"]
[Site "chess.com INT"]
[Date "2021.07.07"]
[Round "14"]
[White "Gabrielian, Artur"]
[Black "Vazquez, Facundo"]
[Result "1-0"]
[WhiteTitle "GM"]
[BlackTitle "CM"]
[WhiteElo "2460"]
[BlackElo "2199"]
[WhiteFideId "4131002"]
[BlackFideId "3007669"]
[EventDate "2021.07.07"]

1. e4 c5 2. Nc3 Nc6 3. Bb5 Nd4 4. Bc4 e6 5. Nf3 Nf6 6. O-O d6 7. d3 e5 8. Nxd4
cxd4 9. Ne2 Be7 10. Ng3 O-O 11. f4 Ng4 12. Qe2 Bh4 13. Nf5 Bxf5 14. exf5 Ne3 15.
Bxe3 dxe3 16. Qxe3 exf4 17. Qxf4 Bf6 18. c3 Qb6+ 19. Qf2 Qc6 20. Qf3 Qb6+ 21.
Rf2 Rae8 22. d4 Re7 23. g3 Rfe8 24. Raf1 Re3 25. Qd5 Qc7 26. Kg2 a6 27. a4 Qe7
28. Rf3 Re4 29. Bd3 Re3 30. Rxe3 Qxe3 31. Bc4 Re7 32. Rf2 Qe1 33. Qf3 h6 34. Re2
Rxe2+ 35. Bxe2 Qd2 36. b4 Bg5 37. a5 Be3 38. Kh3 Bg1 39. Qd3 Be3 40. Qc4 Bg1 41.
Kg2 Qe1 42. Kf3 Qf2+ 43. Ke4 Bxh2 44. Kd3 Qxg3+ 45. Kc2 Qe3 46. Bd3 Qf2+ 47. Kb3
h5 48. Qc8+ Kh7 49. Qxb7 Kg8 50. Qa8+ Kh7 51. Qxa6 h4 52. Qb7 Qe3 53. Bc2 f6 54.
a6 h3 55. a7 1-0

[Event "34th Leon Blitz Open 2021"]
[Site "chess.com INT"]
[Date "2021.07.07"]
[Round "14"]
[White "Lysyj, Igor"]
[Black "Matveev, Vladimir3"]
[Result "1-0"]
[WhiteTitle "GM"]
[BlackTitle "FM"]
[WhiteElo "2605"]
[BlackElo "2344"]
[WhiteFideId "4150120"]
[BlackFideId "24130753"]
[EventDate "2021.07.07"]

1. d4 Nf6 2. Nf3 g6 3. e3 Bg7 4. Be2 O-O 5. O-O d6 6. c4 c6 7. Nc3 a6 8. Qc2 b5
9. a3 Nbd7 10. e4 e5 11. Be3 Re8 12. Rfd1 Qc7 13. Rac1 exd4 14. Bxd4 Ne5 15.
Nxe5 dxe5 16. Be3 Qe7 17. f3 Be6 18. cxb5 axb5 19. Nb1 Rec8 20. Nd2 Nh5 21. Nb3
Nf4 22. Bf1 Qg5 23. Kh1 Qf6 24. Nc5 Bf8 25. Nd7 Bxd7 26. Rxd7 Ne6 27. Qb3 Nd4
28. Bxd4 exd4 29. e5 Qe6 30. Qxe6 fxe6 31. Rxd4 c5 32. Rd7 c4 33. f4 Rd8 34. Rb7
Ra5 35. g3 Rd2 36. Bh3 Rxb2 37. Bxe6+ Kh8 38. Bxc4 Bxa3 39. Rd1 Bf8 40. Be6 b4
41. Rf7 Ra8 42. Rb7 Rc2 43. Bd5 Rd8 44. e6 Rc5 45. Rd7 Re8 46. Bb3 Rc3 47. R1d3
Rxd3 48. Rxd3 Kg7 49. g4 Kf6 50. Rd7 Be7 51. Kg2 g5 52. Kf3 h6 53. Rd5 Rc8 54.
Rf5+ Kg6 55. Bd5 Rc3+ 56. Ke2 b3 57. Be4 b2 58. Rf7# 1-0

[Event "34th Leon Blitz Open 2021"]
[Site "chess.com INT"]
[Date "2021.07.07"]
[Round "14"]
[White "Vallejo Diaz, Javier"]
[Black "Musovic, Armin"]
[Result "0-1"]
[WhiteTitle "FM"]
[BlackTitle "FM"]
[WhiteElo "2365"]
[BlackElo "2282"]
[WhiteFideId "2256398"]
[BlackFideId "939935"]
[EventDate "2021.07.07"]

1. d4 d5 2. Nf3 Nf6 3. Bg5 c5 4. e3 Nc6 5. c3 a6 6. Bd3 Bg4 7. Nbd2 e6 8. h3 Bh5
9. O-O Bd6 10. Qe2 h6 11. Bh4 g5 12. Bg3 g4 13. hxg4 Bxg4 14. dxc5 Bxg3 15. fxg3
Qe7 16. b4 Rg8 17. Qf2 Bxf3 18. gxf3 Ne5 19. Be2 h5 20. Qh2 O-O-O 21. Kf2 Rg4
22. Qh3 Rg6 23. Nb3 Rdg8 24. Rg1 Kb8 25. Nd4 Qc7 26. c6 Nxc6 27. b5 axb5 28.
Rab1 Ne5 29. Nxb5 Qc5 30. Nd4 Neg4+ 31. fxg4 hxg4 32. Qh4 Ne4+ 33. Kg2 e5 34.
Rb5 Qc8 35. Nb3 Rh8 36. Qe7 Nd6 37. Rb6 Qc7 38. Qxc7+ Kxc7 39. Rb4 Rgh6 40. Rxg4
Rh2+ 41. Kf1 f5 42. Rg7+ Kb8 43. Nc5 b6 44. Nd7+ Kc7 45. Nxe5+ Kc8 46. Ba6+ Kd8
47. Rd7+ Ke8 48. Rxd6 Rxa2 49. Bb5+ Ke7 50. Rd7+ Ke6 51. Nd3 Rhh2 52. Nf4+ Kf6
53. Rd6+ Ke7 54. Rd7+ Kf6 55. Ne2 Ra1+ 0-1